Statistiques concernant toman

Cliquez ici pour prendre le quiz!

Statistiques générales

  • Ce quiz a été pris 6 fois
  • Le résultat moyen est 5 sur 22

Statistiques - réponses

HintRéponse% Correct
leader(mikey) manjiro sano
83%
vice-leader lors de la création(draken) Ryûgûji Ken
50%
vice-leader(draken) Ryûgûji Ken
50%
nouveau capitaine de la
première division
Hanagaki Takemichi
33%
ancien capitaine de la troisième
division 2
Kisaki Tetta
33%
vice-capitaine de la quatrième
division
(angry) Kawata Soya
17%
unité d'attaque, lors de la créationBaji Keisuke
17%
ancien capitaine de la
première division
Baji Keisuke
17%
unité d'attaque, lors de la créationHanemiya Kazutora
17%
vice capitaine de le
première division
Matsuno Chifuyu
17%
capitaine de la seconde divisionmitsuya takashi
17%
Commandant de la garde d'élite,
lors de la création
mitsuya takashi
17%
capitaine de la cinquième divisionMuto Yasuhiro
17%
ancien capitaine de la troisième
division 1
(pachin) Hayashida Haruki
17%
porteur de la bannière,
lors de la création
(pachin) Hayashida Haruki
17%
capitaine de la troisième division(peyan) Hayashi Ryohei
17%
ancien vice-capitaine de
la troisième division
(peyan) Hayashi Ryohei
17%
vice-capitaine de la cinquième
division
Sanzu Haruchiyo
17%
vice capitaine de le seconde
division
Shiba Hakkai
17%
capitaine de la quatrième division(smiley) Kawata Nahoya
17%
ancien capitaine de la sixième
division
Hanma Shuji
0%
leader lors de la création(mikey) manjiro sano
0%

Distribution des résultats

Percentile par nombre de réponses

% des personnes avec chaque résultat

Votre développement - résultats

Vous n’avez pas pris ce quiz